000 00616nam a2200217Ia 4500
005 20250326144441.0
008 250326s9999 xx 000 0 und d
020 _a978-1-4051-7918-8
037 _aTextbook
040 _aFMSL
_beng
_cFMSL
041 _aeng
_2eng
084 _aL:14 P8
_qFMSL
100 _aSwayne Linda E
245 0 _aStrategic management of health care organizations
_cSwayne Linda E And Others
250 _a6
260 _aNew Jersey
_bNew Jersey, Jossey-Bass
_c2008
300 _ax,869
365 _b3885.5999999999999
942 _cTB
_hL:14 P8
999 _c1303731
_d1303731